RICS response to PPS7 consultation (Record no. 73982)
[ view plain ]
| 000 -LEADER | |
|---|---|
| fixed length control field | 01357cam a2200217 4500 |
| 001 - CONTROL NUMBER | |
| control field | WB4001-29 |
| 008 - FIXED-LENGTH DATA ELEMENTS--GENERAL INFORMATION | |
| fixed length control field | 031219n2003 000 0 eng u |
| 035 ## - SYSTEM CONTROL NUMBER | |
| System control number | (Sirsi) u124660 |
| 245 ## - TITLE STATEMENT | |
| Title | RICS response to PPS7 consultation |
| 260 ## - PUBLICATION, DISTRIBUTION, ETC. | |
| Date of publication, distribution, etc. | 2003 |
| 490 ## - SERIES STATEMENT | |
| Series statement | RICS Policy Unit Submission |
| Volume/sequential designation | 12 December 2003 (5) |
| 520 ## - SUMMARY, ETC. | |
| Summary, etc. | RICS in its response supports the draft PPS7 on sustainable development in rural areas as a pragmatic continuation of PPG7, which recognises the specific needs of rural areas and follows the policy drive towards a more diverse rural economy, while seeking continued protection of the natural environment. Recommendations are made on the location of developments, business development and employment, housing, countryside protection, re-use of buildings in the countryside and local countryside designations. The consultation and draft PPS7 is available at http://www.odpm.gov.uk/stellent/groups/odpm_planning/documents/page/odpm_plan_024014.hcsp. http://www.rics.org/ricscms/bin/show?class=Policy&template=/includes/showpolicy.html&id=821&faculty=RICS |
| 590 ## - LOCAL NOTE (RLIN) | |
| Local note | WB |
| 650 ## - SUBJECT ADDED ENTRY--TOPICAL TERM | |
| Topical term or geographic name entry element | PLANNING POLICY STATEMENT 7 (SUSTAINABLE DEVELOPMENT IN RURAL AREAS) |
| 650 ## - SUBJECT ADDED ENTRY--TOPICAL TERM | |
| Topical term or geographic name entry element | PPG7 |
| 650 ## - SUBJECT ADDED ENTRY--TOPICAL TERM | |
| Topical term or geographic name entry element | SUSTAINABLE DEVELOPMENT |
| 650 ## - SUBJECT ADDED ENTRY--TOPICAL TERM | |
| Topical term or geographic name entry element | RURAL AREAS |
| 650 ## - SUBJECT ADDED ENTRY--TOPICAL TERM | |
| Topical term or geographic name entry element | RURAL ECONOMY |
| 690 ## - LOCAL SUBJECT ADDED ENTRY--TOPICAL TERM (OCLC, RLIN) | |
| Topical term or geographic name as entry element | Planning and development |
| 9 (RLIN) | 6259 |
| 942 ## - ADDED ENTRY ELEMENTS (KOHA) | |
| Suppress in OPAC | 0 |
| Withdrawn status | Lost status | Source of classification or shelving scheme | Damaged status | Not for loan | Home library | Current library | Shelving location | Date acquired | Total Checkouts | Full call number | Barcode | Date last seen | Copy number | Price effective from | Koha item type |
|---|---|---|---|---|---|---|---|---|---|---|---|---|---|---|---|
| Dewey Decimal Classification | London | London | News article | 19/12/2003 | WB4001-29 | 124660-1001 | 06/08/2019 | 1 | 06/08/2019 | News article |